000
00250nam a22001097a 4500
082
_a
403
100
_a
Narayan, Rajneesh
_9
80572
245
_a
Dictionary of Computer
260
_a
Delhi
_b
Mukund Pub
_c
2018
650
_a
Dictionary
_9
80573
942
_c
BK
999
_c
63897
_d
63897